UBT Library

International economic law / (Record no. 365)

000 -LEADER
fixed length control field 00811mam a2200253 a 4500
005 - DATE AND TIME OF LATEST TRANSACTION
control field 20131127054730.0
008 - FIXED-LENGTH DATA ELEMENTS--GENERAL INFORMATION
fixed length control field 021023s2002 enk b 001 0 eng d
020 ## - INTERNATIONAL STANDARD BOOK NUMBER
International Standard Book Number 0198256671
020 ## - INTERNATIONAL STANDARD BOOK NUMBER
International Standard Book Number 0199264112
041 0# - LANGUAGE CODE
Language code of text/sound track or separate title eng
080 ## - UNIVERSAL DECIMAL CLASSIFICATION NUMBER
Universal Decimal Classification number 347
100 1# - Rafti
Rafti Lowenfeld, Andreas F.,
100 1# - Rafti
-- 1930-
245 10 - TITLE STATEMENT
Title International economic law /
Statement of responsibility, etc Andreas F. Lowenfeld.
260 ## -
-- Oxford :
-- Oxford University Press,
-- 2002.
300 ## -
-- 776 f. ;
-- 24 cm.
490 1# -
-- International economic law series
500 ## -
-- Preface : f. [V] - VII
504 ## - BIBLIOGRAPHY, ETC. NOTE
Bibliography, etc Includes bibliographical references and indexes.
650 #0 -
-- Ligji ekonomik ndërkombëtar
650 #0 -
-- Ligji komercial.
650 #0 -
-- Rregullimi i tregtisë së jashtme.
830 #0 -
-- International economic law series (Oxford, England)
942 ## - ADDED ENTRY ELEMENTS (KOHA)
Source of classification or shelving scheme
Item type Books
Holdings
Withdrawn status Lost status Source of classification or shelving scheme Damaged status Not for loan Collection code Permanent location Current location Shelving location Date acquired Total Checkouts Full call number Barcode Date last seen Price effective from Koha item type
          Koleksioni i përgjithshem UBT - Prishtine UBT - Prishtine Koleksioni i përgjithshem 11/27/2013   347 LOW 001-000492 11/27/2013 11/27/2013 Books
          Koleksioni i përgjithshem UBT - Prishtine UBT - Prishtine Koleksioni i përgjithshem 11/27/2013   347 LOW 001-000491 11/27/2013 11/27/2013 Books
UBT Library © 2015-2024. All rights reserved University Education for Business and Technology